000 00256nam a22000977a 4500
008 230706b |||||||| |||| 00| 0 eng d
020 _a9781612622552
100 _aIsayama Hajime
_97688
245 _aAttack of the Undead-6
260 _aTokyo
_bkodansha Ltd
_c2010
999 _c12338
_d12338